East Asia Cities - Sudden Death - Statistics

General Stats
  • This quiz has been taken 54 times
  • The average score is 7 of 18
Answers on the Grid
Answers color-coded by a green-red scale on the quiz's grid according to % correct below.
Shanghai
Osaka
Chengdu
Bangkok
Yokohama
Hanoi
Beijing
Seoul
Jakarta
Ulaanbaatar
Singapore
Kuala Lumpar
Manila
Chennai
Ürümqi
Xi'an
Tokyo
Pyongyang
Yangon
Kashgar
Surabaya
Bali
Tianjin
Hangzhou
Hohhot
Vientiane
Harbin
Kathmandu
Busan
Sapporo
 
Answer Stats
Answer % Correct
Shanghai
94%
Osaka
69%
Chengdu
63%
Yokohama
53%
Beijing
50%
Seoul
41%
Busan
34%
Tokyo
31%
Pyongyang
28%
Hangzhou
25%
Harbin
25%
Tianjin
25%
Ulaanbaatar
25%
Sapporo
22%
Ürümqi
22%
Xi'an
22%
Hohhot
16%
Kashgar
13%
No matching quizzes found
Score Distribution
Percent of People with Each Score
Percentile by Number Answered
Your Score History
You have not taken this quiz